| 000 | 00477nam a2200145 4500 | ||
|---|---|---|---|
| 999 |
_c5732 _d5732 |
||
| 008 | 161116b xxu||||| |||| 00| 0 eng d | ||
| 082 | _aDPer 910.5 T69 Jan-Aug 2015 V.1-4 | ||
| 100 |
_917557 _aAñonuevo, Klara Iskra |
||
| 245 |
_aA taste of home/ _cKlara Iskra Añonuevo. |
||
| 260 |
_aPhilippines: _bOne Mega Group, _c©Jan-Aug 2015. |
||
| 300 |
_av1, page 16: _billustrations; _c28 cm. |
||
| 500 | _aTravel Now. | ||
| 650 | 0 |
_917558 _aRestaurants _xFood service |
|
| 942 |
_2ddc _cPER |
||